| 000 | 00000nam##2200000za#4500 |
| 001 | 9.594886 |
| 003 | CaOODSP |
| 005 | 20250509081823 |
| 007 | cr ||||||||||| |
| 008 | 150406|2007||||xxc|||||o f|0| 0 fre|d |
| 020 | |a978-0-662-09712-9 |
| 040 | |aCaOODSP|bfre |
| 043 | |an-cn--- |
| 086 | 1 |aM41-9/94F-PDF |
| 110 | 2 |aCommission géologique du Canada. |
| 245 | 13|aLe nord de la Colombie-Britannique : |h[ressource électronique]|bcarte routière des paysages géologiques / |c[par] R.J.W. Turner ... [et al.]. |
| 260 | |bRessources naturelles Canada. |c2007. |
| 300 | |a2p.|bill. en couleur, cartes en couleur, photographies |
| 490 | 1 |aCommission géologique du Canada, Géosciences pour tous|v94F |
| 500 | |aLe n° de catalogue (M41-9/94F) et l’ISBN (978-0-660-97259-6) de l'édition imprimée ont été incorrectement copiés dans l’édition électronique. |
| 590 | |a10-05-Supp|b2010-07-20 |
| 720 | 1 |aTurner, R. J. W. |
| 775 | 08|tNorthern British Columbia : |w(CaOODSP)9.562432 |
| 830 | #0|aCommission géologique du Canada, Géosciences pour tous ;|v94F|w(CaOODSP)9.501617 |
| 856 | 40|ahttp://publications.gc.ca|qPDF|s11368 Ko|uhttps://publications.gc.ca/collections/collection_2010/nrcan/M41-9-94-fra.pdf |
| 856 | 40|ahttp://publications.gc.ca|qPDF|s11706 Ko|uhttps://publications.gc.ca/collections/collection_2010/nrcan/M41-9-94-1-fra.pdf|y94F |